Φωτοαναστατική ανατύπωση των σπάνιων ποιητικών συλλογών του Βασίλη Μιχαηλίδη : η ασθενής λύρα (1882) ; ποιήματα(1911)

Αποθηκεύτηκε σε:
Λεπτομέρειες βιβλιογραφικής εγγραφής
Κύριος συγγραφέας: Ιωάννου, Κυριάκος
Μορφή: Βιβλίο
Γλώσσα:Greek
Δημοσίευση: Λευκωσία : Επιφανίου, 2017.
Θέματα:
Ετικέτες: Προσθήκη ετικέτας
Δεν υπάρχουν, Καταχωρήστε ετικέτα πρώτοι!

MARC

LEADER 00000cam a2200000 a 4500
001 1/115518
008 171130s2017####cy | ||| |||| ||gre||
020 |a 9789963271382 
040 |a GR-MyUa  |b gre  |c GR-MyUa  |e AACR2 
041 0 |a gre 
082 7 |a 889.2   |2 (23) 
100 1 |a Ιωάννου, Κυριάκος. 
245 1 0 |a Φωτοαναστατική ανατύπωση των σπάνιων ποιητικών συλλογών του Βασίλη Μιχαηλίδη :   |b η ασθενής λύρα (1882) ; ποιήματα(1911) /   |c Κυριάκος Ιωάννου. 
260 |a Λευκωσία :   |b Επιφανίου,   |c 2017.  
300 |a 274 σ. ;   |c 21 εκ.  
600 1 0 |a Μιχαηλίδης, Βασίλης,   |d 1849-1917. 
650 0 |a Greek poetry, Modern  |z Cyprus. 
852 |a INST  |b RHODES  |e 20171130  |h 889.2 ΙΩΑ  |p 005400039689  |q 005400039689  |t BK  |y 0 
970 |z 30-11-2017